Palabra de salvación como palabra al tiempo

Gorde:
Xehetasun bibliografikoak
Egile nagusia: Arnold, Francisco Javier (Egilea)
Formatua: Liburua
Hizkuntza:gaztelania
Argitaratua: Pamplona Verbo Divino 1966
Saila:Diakonia: Temas de Teología Pastoral, 9
Gaiak:
Etiketak: Etiketa erantsi
Etiketarik gabe, Izan zaitez lehena erregistro honi etiketa jartzen!

MARC

LEADER 00000nam a2200000 a 4500
001 UCR1184
003 CL-VaPUC
008 971212e19660000SP |||||||||||||||||spa|d
082 0 4 |a 251  |b ARN  |2 21 
100 0 |a Arnold, Francisco Javier  |e author  |9 398100 
245 1 0 |a Palabra de salvación como palabra al tiempo 
300 |a 374 p 
942 |c BK 
945 |d 19971212 00:00:00  |a jquezada 
260 |a Pamplona  |b Verbo Divino  |c 1966 
650 0 |a Salvación  |9 315007 
650 7 |a SERMON  |2 CL-VaPUC  |9 398101 
650 0 |a Teología   |9 258766 
650 0 |a Predicación  |9 398079 
650 0 |a Cristianismo  |9 257361 
583 |a last modification  |c 20130402 05:51:07  |k Rodrigo Vera 
490 0 |a Diakonia: Temas de Teología Pastoral, 9 
999 |c 264664  |d 264662 
952 |0 0  |1 0  |4 0  |6 251_000000000000000_ARN_1966  |7 0  |8 A  |9 295039  |a BIBTEO  |b BIBTEO  |d 2019-11-19  |i 3368580  |o 251 ARN 1966  |p 3368580  |r 2025-01-17  |w 2019-11-19  |y BK  |k ICR 
952 |0 0  |1 0  |4 0  |6 251_000000000000000_ARN_1966  |7 0  |8 A  |9 295040  |a BIBTEO  |b BIBTEO  |d 2019-11-19  |i 3368599  |o 251 ARN 1966  |p 3368599  |r 2025-01-17  |w 2019-11-19  |y BK  |k ICR